Normal view
MARC view
- Leonard, Annie,
Entry Nombre Personal
001 - NUMERO DE CONTROL
- campo de control: 34622
003 - IDENTIFICADOR DE NUMERO DE CONTROL
- campo de control: UPN
005 - FECHA Y HORA DE LA ÜLTIMA TRANSACCIÓN
- campo de control: 20210219194455.0
008 - DATOS DE LONGITUD FIJA
- campo de control de longitud fija: nabaccnnaabn|||||||||| b |nc|||||d
035 ## - NUMERO DE CONTROL
- Número de control: UPN11000006729
040 ## - FUENTE DE CATALOGACIÓN
- Lenguaje de catalogación: SPA
- Agencia de transcripción: UPN
100 1# - ENCABEZAMIENTO - NOMBRE PERSONAL
- Nombre personal: Leonard, Annie,
- Fechas asociadas con el nombre: 1964-
670 ## - FUENTE EN LA QUE SE LOCALIZARON DATOS
- Cita de la fuente: T
- Información localizada: Wikipedia
680 ## - NOTA PUBLICA DE ACCESO PÚBLICO
- Frase explicativa de la referencia: Experta en materia de responsabilidad social corporativa, desarrollo sostenible, riesgos laborales, cooperación internacional y salud ambiental estadounidense. Es conocida sobre todo por su documental La historia de las cosas (The Story of Stuff), que trata sobre el ciclo vital de bienes y servicios
902 ## - CATALOGADOR
- Catalogador: MCM/160114
